The Search - NF - Statistics

General Stats
  • This quiz has been taken 30 times
  • The average score is 13 of 19
Answer Stats
Song Plays Artist % Correct
The Search 714,379,900 NF
100%
When I Grow Up 419,452,968 NF
80%
Leave Me Alone 170,988,076 NF
73%
Only 132,022,441 NF, Sasha Alex Sloan
73%
Returns 80,751,548 NF
73%
Time 309,389,973 NF
73%
Change 156,029,723 NF
67%
Hate Myself 224,049,805 NF
67%
I Miss The Days 142,623,936 NF
67%
Trauma 97,839,623 NF
67%
WHY 223,382,424 NF
67%
Let Me Go 84,623,775 NF
60%
Like This 65,590,728 NF
60%
My Stress 129,981,694 NF
60%
No Excuses 80,032,083 NF
60%
Thinking 46,515,276 NF
60%
-Interlude- 23,481,800 NF
53%
Nate 83,788,343 NF
53%
Options 69,179,564 NF
53%
No matching quizzes found
Score Distribution
Percent of People with Each Score
Percentile by Number Answered
Your Score History
You have not taken this quiz